| 000 | 01159nam a2200277 4500 | ||
|---|---|---|---|
| 001 | 174585 | ||
| 003 | ES-MaACL | ||
| 005 | 20240221153506.0 | ||
| 008 | 100507s1986 sp ao |||| |dspa d | ||
| 080 | _a929 Valle-Inclán, Ramón del (064.3) | ||
| 080 | _a860 Valle Inclán : 061.75 | ||
| 245 | 0 | 0 |
_aValle Inclán y su tiempo, hoy _b: catálogo general / _c[comisario general, Juan Antonio Hormigón]. |
| 246 | 3 | 3 |
_aValle Inclán y su tiempo hoy _b: Cincuentenario 1986 |
| 260 |
_a[Madrid] : _bInstituto Nacional de las Artes Escénicas y de la Música, _cD. L. 1986. |
||
| 300 |
_a78 p. : _bil. col. y n., fot. ; _c24 cm. |
||
| 500 | _aDescripción basada en la cub. | ||
| 505 | 8 | _aContiene: Valle Inclán y el Ateneo | |
| 600 | 1 | 7 |
_aValle-Inclán, Ramón del, _d1866-1936- _vExposiciones _2 _9142759 |
| 600 | 1 | 4 |
_aValle-Inclán, Ramón del, _d1866-1936- _xHomenajes _9112802 |
| 655 | 7 |
_2tgfbne _9193628 _aCatálogos de exposiciones |
|
| 700 | 1 |
_aHormigón, Juan Antonio. _964204 |
|
| 710 | 2 |
_aInstituto Nacional de las Artes Escénicas y de la Música (España) _95175 |
|
| 852 | 4 |
_aES-MaACL _jC-57211 |
|
| 942 | _2udc | ||
| 999 |
_c174585 _d174585 |
||